El niño abandonado (Record no. 114386)
[ view plain ]
| 000 -LEADER | |
|---|---|
| fixed length control field | 00646nam a22002057a 4500 |
| 005 - DATE AND TIME OF LATEST TRANSACTION | |
| control field | 20221108091427.0 |
| 008 - FIXED-LENGTH DATA ELEMENTS--GENERAL INFORMATION | |
| fixed length control field | 160309b mx |||| |||| 00| 0 spa d |
| 020 ## - INTERNATIONAL STANDARD BOOK NUMBER | |
| International Standard Book Number | 968240942X |
| 050 04 - LIBRARY OF CONGRESS CALL NUMBER | |
| Classification number | HV961 |
| Item number | P47 1991 |
| 050 04 - LIBRARY OF CONGRESS CALL NUMBER | |
| Classification number | HV961 |
| Item number | P47 1981 |
| 100 1# - MAIN ENTRY--PERSONAL NAME | |
| Personal name | Pereira de Gómez, María Nieves |
| 245 13 - TITLE STATEMENT | |
| Title | El niño abandonado |
| Remainder of title | : familia, afecto y equilibrio personal |
| Statement of responsibility, etc | / Maria Nieves Pereira de Gómez |
| 250 ## - EDITION STATEMENT | |
| Edition statement | 1a ed |
| 260 ## - PUBLICATION, DISTRIBUTION, ETC. (IMPRINT) | |
| Place of publication, distribution, etc | México : |
| Name of publisher, distributor, etc | Editorial Trillas, |
| Date of publication, distribution, etc | 1991 |
| 300 ## - PHYSICAL DESCRIPTION | |
| Extent | 128 p.; |
| Other physical details | il.; |
| Dimensions | 23 cm. |
| 504 ## - BIBLIOGRAPHY, ETC. NOTE | |
| Bibliography, etc | Incluye bibliografía p.,125-128 |
| 650 #7 - SUBJECT ADDED ENTRY--TOPICAL TERM | |
| Source of heading or term | lemb |
| Topical term or geographic name as entry element | Vida familiar |
| 650 #7 - SUBJECT ADDED ENTRY--TOPICAL TERM | |
| Source of heading or term | lemb |
| Topical term or geographic name as entry element | Orfanatos |
| 942 ## - ADDED ENTRY ELEMENTS (KOHA) | |
| Source of classification or shelving scheme | Biblioteca del Cogreso de los Estados Unidos |
| Koha item type | Libro |
| Estado de pérdida | Fuente de clasificación | Estado del daño | No para préstamo | Ubicación permanente | Ubicación actual | Apartado o colección | Fecha de adquisición | Enumeración de Serie / Cronológica | Área del conocimiento | Clasificación | Código de Barras | Date last seen | Número de copia | Tipo de recurso | Fuente de adquisición | Edición | Total Checkouts | Costo por reposición |
|---|---|---|---|---|---|---|---|---|---|---|---|---|---|---|---|---|---|---|
| Biblioteca del Cogreso de los Estados Unidos | Biblioteca de la Facultad de Psicología | Biblioteca de la Facultad de Psicología | General | 09/03/2016 | BFP000011482 | Ciencias de la Salud | HV961 P47 1991 | BFP000011482 | 09/03/2016 | 1 | Libro | |||||||
| Biblioteca del Cogreso de los Estados Unidos | Biblioteca de la Preparatoria Melchor Ocampo | Biblioteca de la Preparatoria Melchor Ocampo | General | 08/11/2022 | Ciencias Sociales y Administrativas | HV961 P47 r1997 | PMO000000334 | 08/11/2022 | 1 | Libro | Unidad Académica | 1a ed. | 1.00 | |||||
| Biblioteca del Cogreso de los Estados Unidos | Biblioteca de la Preparatoria Melchor Ocampo | Biblioteca de la Preparatoria Melchor Ocampo | General | 08/11/2022 | Ciencias Sociales y Administrativas | HV961 P47 r1997 | PMO000000335 | 08/11/2022 | 2 | Libro | Unidad Académica | 1a ed. | 1.00 |